| 000 | 02398cam a22003018i 4500 | ||
|---|---|---|---|
| 001 | 18476733 | ||
| 003 | EG-ScBUE | ||
| 005 | 20250120091742.0 | ||
| 008 | 150130t2015 flua f b 001 0 eng d | ||
| 020 | _a9781482206227 (hardcover : alk. paper) | ||
| 040 |
_aOU/DLC _beng _erda _cOU _dEG-ScBUE |
||
| 082 | 0 | 4 |
_a530 _222 _bKEL |
| 100 | 1 |
_aKelly, P. F., _d1961- _eauthor. |
|
| 245 | 1 | 0 |
_aProperties of materials / _cP. F. Kelly. |
| 264 | 1 |
_aBoca Raton, FL : _bCRC Press, Taylor & Francis Group, _c[2015] |
|
| 264 | 4 | _cc2015 | |
| 300 |
_a(xvi, 411) pages : _billustrations ; _c24 cm |
||
| 336 |
_2rdacontent _atext _btxt |
||
| 337 |
_aunmediated _2rdamedia _bn |
||
| 338 |
_avolume _bnc _2rdacarrier |
||
| 504 | _aIncludes bibliographical references and index. | ||
| 505 | 0 | _a"Tidings" of rigidity's breakdown -- Elastic properties of solids -- Elastic solids in series and parallel -- Fluid statics -- Eureka! -- Fluid dynamics: flux -- Bernoulli's equation -- No confusion, it's just diffusion -- Baby, it's viscous outside -- Gas gas gas -- Through the earth and back -- Introduction to simple harmonic oscillation -- SHO time -- Springs in series and parallel -- SHO: kinematics, dynamics, and energetics -- Damped oscillation: qualitative -- Damped oscillation: explicitly -- Forced oscillations -- Impedance and power -- Resonance -- The first wave -- Wave dynamics and phenomenology -- Linear superposition of waves -- Linear superposition of rightmoving harmonic waves -- Standing waves -- Transverse waves: speed and energetics -- Speed of longitudinal waves -- Energy content of longitudinal waves -- Inhomogeous media -- Doppler shifts -- Huygens' principle, interference, and diffraction -- Say hello, wave goodbye -- Optics -- Mirror mirror -- Refraction -- Through a glass darkly -- Temperature and thermometry -- Heat -- Convective and conductive heat flow -- Radiative heat flow -- More radiation -- Laws of thermodynamics 0 and 1 -- The first law of thermodynamics -- First law encore -- Isotherms and adiabats -- Thermodynamic cycles and heat engines -- The second law of thermodynamics -- Entropy musings and the third law -- The canonical ensemble -- Maxwell-Boltzmann distribution derived, Dulong and Petit revisited. | |
| 650 | 7 |
_aPhysics. _2BUEsh |
|
| 650 | 7 |
_aMatter _xProperties. _2BUEsh |
|
| 653 |
_bENGARC _cMarch2015 |
||
| 655 |
_vReading book _934232 |
||
| 942 |
_2ddc _cBB |
||
| 999 |
_c19022 _d18994 |
||